000 00389nam a2200145Ia 4500
008 230711s9999||||xx |||||||||||||| ||und||
041 _aENG
082 _a621
_bRA-E
100 _aRangwala.K.S
245 0 _a Engineering materials (Materials science)
250 _a14th . Ed.
260 _c1990
_aNew Delhi
_bCharotar Publishing House PVT.LTD
650 _aMechanical Engineering
942 _cBK
999 _c24
_d24